LEADER 01354nam a2200301 i 4500 001 000000157255 003 CaOOAMICUS 005 20090312000000.0 008 090312s1972 it u000 u ita u 013 $a134611 040 $aSeMil$bita 100 1 $aMasini, Giancarlo.$0(OLS)http://semarc/name/61406 245 10$aSulle tracce della vita /$cGiancarlo Masini ; presentazione di Claudio Barigozzi direttore dell'Istituto di Genetica dell'Università di Milano. 260 $aFirenze :$bCentro Internazionale del Libro,$c1972. 260 $aFirenze :$bGiunti,$c1972. 300 $a153 p. :$briccamente ill. ;$c28 cm. 500 $aFondo Card. Giovanni Colombo. 650 4$aBiologia.$0(OLS)http://semarc/subject/3115 650 4$aScienze.$0(OLS)http://semarc/subject/179 650 4$aBiologia - Libri per ragazzi.$0(OLS)http://semarc/subject/30776 700 1 $aBarigozzi, Claudio <1909-1996>.$0(OLS)http://semarc/name/15869 850 $aSeMil 852 $aSeMil$W1$xVenegono$y1$m3X VI 102$j108949$B108949$CSeMilBibl$Z2$F142872 $81 941 1 $a3 961 $aLascito: Colombo Card. Giovanni 996 $6245$aSulle tracce della vita$9(OLS)http://semarc/title/230591 996 $6260$aFirenze :$bGiunti$9(OLS)http://semarc/publisher/30127 996 $6260$aFirenze :$bCentro Internazionale del Libro$9(OLS)http://semarc/publisher/46471 LEADER 00387nab a2200133 i 4500 001 000000272130 003 CaOOAMICUS 005 20180831164913.0 008 180831n xx uu u0 0und r 013 $a19544 040 $aSeMil$bita 245 10$a[vedi periodico]. 773 0 $t[2009 : 4].$dLeiden ; Boston : Brill, copyr. 2009.$w()183883 996 $6245$a[vedi periodico]$9(OLS)http://semarc/title/309439